Multi-pronged approach to bridge the urban-rural divide (Record no. 506237)

000 -LEADER
fixed length control field 00442nam a2200169Ia 4500
008 - FIXED-LENGTH DATA ELEMENTS--GENERAL INFORMATION
fixed length control field 181130s2018 xx 000 0 und d
100 ## - MAIN ENTRY--PERSONAL NAME
Personal name Chinnadurai, M.
245 ## - TITLE STATEMENT
Title Multi-pronged approach to bridge the urban-rural divide
260 ## - PUBLICATION, DISTRIBUTION, ETC.
Date of publication, distribution, etc. 2018
300 ## - PHYSICAL DESCRIPTION
Extent p.55-58.
504 ## - BIBLIOGRAPHY, ETC. NOTE
-- Jun
650 ## - SUBJECT ADDED ENTRY--TOPICAL TERM
Topical term or geographic name entry element Rural development
650 ## - SUBJECT ADDED ENTRY--TOPICAL TERM
Topical term or geographic name entry element Rural development - India
700 ## - ADDED ENTRY--PERSONAL NAME
Personal name Ashok, K.R.
773 ## - HOST ITEM ENTRY
Main entry heading Yojana
906 ## - LOCAL DATA ELEMENT F, LDF (RLIN)
a Rural development
Holdings
Withdrawn status Lost status Damaged status Not for loan Permanent Location Current Location Date acquired Serial Enumeration / chronology Barcode Date last seen Price effective from Koha item type
        Indian Institute of Public Administration Indian Institute of Public Administration 2018-12-07 62(), Jun, 2018: p.55-58. AR118032 2018-12-07 2018-12-07 Articles

Powered by Koha